000 01263nam2a22002411 4500
001 v19\rc\1913850
005 20250619184900.0
035 _a(NLR Aleph) 005001768
090 _a6394107
_c6394107
100 _a20080404d1911 |||y0rusy50 ca
101 0 _arus
102 _aRU
105 _ay z |||||
200 1 _aв течение 1909 г. в Херсонской губернии и по руководству питомником при психиатрической лечебнице губернского земства
_f[Сост.] Докс
210 _d[1911]
_aБ. м.
215 _a8 с.
461 0 _1001v19\rc\1913849
_12001#$aОтчет о деятельности лесного инструктора Херсонского губернского земства...$vв течение 1909 г.
_96394101
_aХерсонский губ. земский лесной инструктор
_cХерсон
_d[1911]-[1916]
_tОтчет о деятельности лесного инструктора Херсонского губернского земства...
_vв течение 1909 г.
801 0 _aRU
_bNLR
_gpsbo
801 0 _aRU
_bRuMoRGB
_2psbo
801 1 _aRU
_bProSoft-M
_2rusmarc
852 _aNLR
_bЗем
_j45/О41
942 _cBOOK
980 _aNB